| 000 | 00346 a2200145 4500 | ||
|---|---|---|---|
| 020 | _a9695190855 | ||
| 082 | _a297 | ||
| 090 |
_c6032 _d6032 |
||
| 100 | _aEaton,Gai. | ||
| 245 |
_aIslam and the Destiny of Man. _cGai Eaton. |
||
| 260 |
_aLahore. _bSuhail Academy. _c2005. |
||
| 300 | _a242p. | ||
| 500 | _aHardcover. | ||
| 942 |
_aNBS _cBK _k297 EAT |
||
| 999 |
_c348421 _d348421 |
||